The mystery of Karma: (Record no. 11894)
[ view plain ]
| 000 -LEADER | |
|---|---|
| fixed length control field | 00718 a2200217 4500 |
| 010 ## - LIBRARY OF CONGRESS CONTROL NUMBER | |
| LC control number | ENG-90063 |
| 020 ## - INTERNATIONAL STANDARD BOOK NUMBER | |
| Terms of availability | 310.00 |
| 035 ## - SYSTEM CONTROL NUMBER | |
| System control number | EN-73596 |
| 037 ## - SOURCE OF ACQUISITION | |
| Source of stock number/acquisition | DBAD / PUB |
| 082 14 - DEWEY DECIMAL CLASSIFICATION NUMBER | |
| Classification number | 291.22 |
| 090 ## - LOCALLY ASSIGNED LC-TYPE CALL NUMBER (OCLC); LOCAL CALL NUMBER (OCLC) | |
| -- | 12248 |
| -- | 12248 |
| 100 1# - MAIN ENTRY--PERSONAL NAME | |
| Personal name | Saraf, V.K. |
| 245 1# - TITLE STATEMENT | |
| Title | The mystery of Karma: |
| Remainder of title | an exposition of the Law of Karma/ |
| Statement of responsibility, etc | by V.K. Saraf |
| 260 ## - PUBLICATION, DISTRIBUTION, ETC. (IMPRINT) | |
| Place of publication, distribution, etc | Mumbai : |
| Name of publisher, distributor, etc | Bharatiya Vidya Bhavan |
| Date of publication, distribution, etc | 2007 |
| 270 ## - ADDRESS | |
| Address | Kulapati K.M. Munshi Marg, |
| City | Mumbai |
| State or province | Mumbai |
| Postal code | 400007 |
| 300 ## - PHYSICAL DESCRIPTION | |
| Extent | xxiv, 440p. |
| Dimensions | 22 cm (pbk) |
| 490 ## - SERIES STATEMENT | |
| Series statement | Bhavan's books universtity |
| 500 ## - GENERAL NOTE | |
| General note | Includes glossary |
| 942 ## - ADDED ENTRY ELEMENTS (KOHA) | |
| Institution code [OBSOLETE] | dpl |
| Koha item type | English Books |
| Call number prefix | 291.22 / SAR |
| Withdrawn status | Lost status | Source of classification or shelving scheme | Damaged status | Not for loan | Collection code | Home library | Current library | Source of acquisition | Cost, normal purchase price | Total Checkouts | Full call number | Barcode | Date last seen | Copy number | Uniform Resource Identifier | Cost, replacement price | Price effective from | Koha item type |
|---|---|---|---|---|---|---|---|---|---|---|---|---|---|---|---|---|---|---|
| Dewey Decimal Classification | Not For Loan | Non-fiction | D.B.Act.Division | D.B.Act.Division | DBAD/PUB | 310.00 | 291.22 | EN-73596 | 15/09/2008 | 1 | 13009 | 310.00 | 15/09/2008 | English Books |
